000 00679nam a22002297a 4500
003 BUBTL
008 180806b xxu||||| |||| 00| 0 eng d
020 _a9789339204723
041 _aEnglish
082 _a657.3/ Su165f/ 2009
100 _91978
_aSubramanyam, K. R.
245 _aFinancial Statement Analysis/
_cK.R. Subramanyam, John J. Wild
250 _a10th
260 _aNew Delhi
_bMc Graw Hill
_cc2009
300 _a[xx], 685p. :
_bill. Chart, Table ; 25cm .
500 _aIncludes Index .
650 0 _918
_aFinance
700 _aK. R. Subramanyam, John J. Wild
_95347
856 _k0
_l0
_yDownload
942 _2ddc
_cBK
999 _c5774
_d5774